Dark creed /
Dark Apostle Marduk faces challenges from within his own Legion as he wages war with the White Consuls Space Marine Chapter. Harnesssing the power of the Nexus Arrangement, a powerful necron device, Marduk can turn the tide in the Word Bearers' favour. But just as the White Consuls are on the v...
| Main Author: | |
|---|---|
| Format: | Book |
| Language: | English |
| Published: |
Nottingham :
Games Workshop Ltd.,
©2010.
|
| Series: | Word bearers.
Warhammer 40,000. |
| Subjects: |
MARC
| Tag | First Indicator | Second Indicator | Subfields |
|---|---|---|---|
| LEADER | 00000cam a2200000Ia 4500 | ||
| 001 | in00004726797 | ||
| 008 | 090227s2010 enk 000 1 eng d | ||
| 005 | 20230630155210.0 | ||
| 035 | |a (OCoLC)ocn311764585 | ||
| 040 | |a BTCTA |b eng |c BTCTA |d IFA |d OCLCF |d OCLCO |d OCLCQ |d OCLCO |d GRR |d KI2 |d Y76 |d OCLCO |d OCL |d OCLCO | ||
| 020 | |a 9781844167876 |q (pbk.) | ||
| 020 | |a 1844167879 |q (pbk.) | ||
| 035 | |a (OCoLC)311764585 | ||
| 082 | 1 | 4 | |a [E] |
| 100 | 1 | |a Reynolds, Anthony. | |
| 245 | 1 | 0 | |a Dark creed / |c Anthony Reynolds. |
| 260 | |a Nottingham : |b Games Workshop Ltd., |c ©2010. | ||
| 300 | |a 413 pages ; |c 17 cm. | ||
| 336 | |a text |b txt |2 rdacontent | ||
| 337 | |a unmediated |b n |2 rdamedia | ||
| 338 | |a volume |b nc |2 rdacarrier | ||
| 490 | 1 | |a Word bearers | |
| 490 | 1 | |a Warhammer 40,000 | |
| 520 | 0 | |a Dark Apostle Marduk faces challenges from within his own Legion as he wages war with the White Consuls Space Marine Chapter. Harnesssing the power of the Nexus Arrangement, a powerful necron device, Marduk can turn the tide in the Word Bearers' favour. But just as the White Consuls are on the verge of defeat, an old enemy returns to throw the entire dark crusade into ruin. If Marduk is to survive and fulfil his ambition, he must defy an onslaught from the necrons, the White Consul and his own Legion. | |
| 650 | 0 | |a Imaginary wars and battles |v Fiction. | |
| 650 | 6 | |a Guerres et batailles imaginaires |v Romans, nouvelles, etc. | |
| 650 | 7 | |a Imaginary wars and battles. |2 fast |0 (OCoLC)fst00967580 | |
| 655 | 7 | |a Science fiction. |2 fast |0 (OCoLC)fst01726489 | |
| 655 | 7 | |a Fiction. |2 fast |0 (OCoLC)fst01423787 | |
| 655 | 7 | |a Science fiction. |2 gsafd | |
| 655 | 7 | |a Science fiction. |2 lcgft | |
| 830 | 0 | |a Word bearers. | |
| 830 | 0 | |a Warhammer 40,000. | |
| 938 | |a Baker and Taylor |b BTCP |n BK0008212393 | ||
| 994 | |a Z0 |b TXA | ||
| 948 | |h HELD BY TXA - 15 OTHER HOLDINGS | ||
| 999 | f | f | |s 0ab02d9e-e668-44b3-827b-bec83e67d556 |i fb531365-dbdf-4877-af03-68678d0114f4 |t 0 |
| 952 | f | f | |p noncirc |a Texas A&M University |b College Station |c Cushing Memorial Library & Archives |d Cushing: Science Fiction (Does not check out) |t 0 |e PR9619.4.R49 D373 2010 |h Library of Congress classification |i unmediated -- volume |m A1485308338A |
| 998 | f | f | |a PR9619.4.R49 D373 2010 |t 0 |l Cushing: Science Fiction (Does not check out) |